000 00298nam a22001337a 4500
008 170523b xxu||||| |||| 00| 0 eng d
020 _a9780618479276
041 _aeng
080 _213TH
_a94(7/8)
100 _a16
101 _aSHH
245 _aTHE AMERICAN PAGEANT
_cCOHEN, L
942 _2udc
_cBK
999 _c13835
_d13835